Colección de códigos y leyes de España. Primera sección, Códigos antiguos / (Record no. 167077)

MARC details
000 -LEADER
campo de control de longitud fija 01227nam a2200229 i 4500
001 - NÚMERO DE CONTROL
campo de control 167077
003 - IDENTIFICADOR DE NÚMERO DE CONTROL
campo de control ES-MaACL
005 - FECHA Y HORA DE LA ÚLTIMA TRANSACCIÓN
campo de control 20250809231912.0
008 - DATOS DE LONGITUD FIJA--INFORMACIÓN GENERAL
campo de control de longitud fija 150409m18651866sp |||| | spa d
080 ## - NÚMERO DE LA CLASIFICACIÓN DECIMAL UNIVERSAL
Número de la Clasificación Decimal Universal 34(460)(094.5)
080 ## - NÚMERO DE LA CLASIFICACIÓN DECIMAL UNIVERSAL
Número de la Clasificación Decimal Universal 35(460)(094.5)
245 00 - MENCIÓN DEL TÍTULO
Título Colección de códigos y leyes de España. Primera sección, Códigos antiguos /
Mención de responsabilidad, etc. [publicada bajo la dirección de Esteban Pinel y Alberto Aguilera y Velasco].
260 ## - PUBLICACIÓN, DISTRIBUCIÓN, ETC.
Lugar de publicación, distribución, etc. [Madrid :
Nombre del editor, distribuidor, etc. s.n.],
Fecha de publicación, distribución, etc. 1865-1866 (
Fabricante Imp. a cargo de Francisco Roig : Imp. de R. Labajos)
300 ## - DESCRIPCIÓN FÍSICA
Extensión 4 v. ;
Dimensiones 28 cm.
505 0# - NOTA DE CONTENIDO CON FORMATO
Nota de contenido con formato 1. Fuero Juzgo. Fuero Viejo de Castilla. Fuero Real. Leyes del Estilo. Leyes Nuevas. Leyes de los Adelantados. Ordenación de las Tafurerías (351 p.) - 2-3: Las Siete Partidas (536 p.; 371 p.) - 4: Espéculo. Ordenamiento de Alcalá. Ordenanzas Reales de Castilla.
594 ## - Nota al título y mención de responsabilidad
Nota al título y mención de responsabilidad Mención de responsabilidad tomada del v. 2. En el v. 1 no consta mención de responsabilidad. Los v. 3-4 constan como dirigidos por Alberto Aguilera.
650 #7 - PUNTO DE ACCESO ADICIONAL DE MATERIA--TÉRMINO DE MATERIA
Término de materia o nombre geográfico como elemento de entrada Derecho-
Subdivisión geográfica España
Fuente del encabezamiento o término
9 (RLIN) 141531
700 1# - ENTRADA AGREGADA--NOMBRE PERSONAL
Nombre de persona Pinel, Esteban.
9 (RLIN) 156674
700 1# - ENTRADA AGREGADA--NOMBRE PERSONAL
Nombre de persona Aguilera y Velasco, Alberto,
Fechas asociadas al nombre 1842-1913
9 (RLIN) 18786
852 ## - LOCALIZACIÓN
Ubicación ES-MaACL
Número de control de estantería G-6991-94
Holdings
Estatus retirado Estado de pérdida Estado de daño No para préstamo Colección Biblioteca de origen Biblioteca actual Ubicación en estantería Fecha de adquisición Fuente de adquisición Total de préstamos Signatura topográfica completa Código de barras Visto por última vez Precio de reemplazo Tipo de ítem Koha
        Libros del s. XIX Biblioteca del Ateneo de Madrid Biblioteca del Ateneo de Madrid Depósito 2 09/04/2015     G-6991-94 1193703 23/02/2023 23/02/2023 Libro impreso antiguo